000 01305cam a22003377a 4500
001 505
005 20231211150519.0
020 _a9780316067584
020 _a9780340999103
020 _a031606758X
020 _a9780316114257
020 _a0316114251
040 _aNMN
_cNMN
_dBIB
_dBAKER
_dBTCTA
_dIUI
_dYDXCP
_dDLC
_dFISKH
_beng
050 0 0 _aPZ7
_b.C83535 Hm 2007
082 0 4 _a823.92
_222
100 1 _aCowell, Cressida.
245 1 0 _aHow to cheat a dragon's curse :
_bthe heroic misadventures of Hiccup Horrendous Haddock III /
_cas told to Cressida Cowell.
246 3 0 _aHeroic misadventures of Hiccup Horrendous Haddock III
250 _a2010 by Hodder & Stoughton.
260 _aNew York :
_bLittle, Brown,
_c2007.
300 _a244 pages :
_billustrations ;
_c20 cm.
500 _a"Special Scholastic edition"--P. [4] of cover.
505 _aU
520 _aReluctant hero Hiccup Horrendous Haddock III must rescue his best friend, Fishlegs, from the deadly disease Vorpentitis. The only cure is rare and almost impossible to find ... a potato. But where will Hiccup find such a thing?
521 _a960
_bLexile
521 _aU
_bRaz-Plus
650 1 _aVikings
_vFiction.
650 1 _aDragons
_vFiction.
906 _a7
_bcbc
_ccopycat
_d2
_encip
_f20
_gy-gencatlg
942 _2ddc
_cBK
_n0
999 _c505
_d505